[Event "TUR-ch U13/18"]
[Site "Antalya"]
[Date "2023.01.23"]
[Round "3"]
[White "Uysal, Ugur"]
[Black "Oflaz, Avni"]
[Result "1-0"]
[WhiteElo "1760"]
[BlackElo "1471"]
[PlyCount "95"]
[EventDate "2023.01.17"]
[EventType "swiss"]
[EventRounds "10"]
[EventCountry "TUR"]
[SourceTitle "EXT 2024"]
[Source "ChessBase"]
[SourceDate "2023.10.10"]
[SourceVersion "1"]
[SourceVersionDate "2023.10.10"]
[SourceQuality "1"]

1. Nf3 Nf6 2. d4 e6 3. c4 d5 4. Nc3 Be7 5. Bg5 0-0 6. e3 Nbd7 7. Rc1 c6 8. Qc2 Re8 9. Bd3 dxc4 10. Bxc4 Nd5 11. Bxe7 Qxe7 12. 0-0 Nxc3 13. Qxc3 e5 14. dxe5 Nxe5 15. Nxe5 Qxe5 16. Qb3 Qc7 17. Rfd1 Be6 18. Bxe6 Rxe6 19. Rd4 Ree8 20. Rcd1 Rad8 21. h3 Rxd4 22. Rxd4 g6 23. Qd1 Re7 24. Qd2 a6 25. Rd8+ Kg7 26. Rd6 c5 27. b4 Re6 28. Qc3+ Kg8 29. Rxe6 fxe6 30. bxc5 Qc6 31. Qd4 Kf7 32. e4 h6 33. e5 Qd5 34. Qxd5 exd5 35. f4 Ke6 36. Kf2 d4 37. g4 g5 38. Kf3 gxf4 39. Kxf4 d3 40. Ke3 Kxe5 41. Kxd3 Kf4 42. Kd4 Kg3 43. Ke5 Kxh3 44. Kd6 Kxg4 45. Kc7 h5 46. Kxb7 h4 47. c6 h3 48. c7 1-0

[Event "World ol U16"]
[Site "Konya"]
[Date "2018.11.30"]
[Round "6.22"]
[White "Liu, Zhanhe"]
[Black "Oflaz, Avni"]
[Result "1-0"]
[WhiteElo "2052"]
[BlackElo "1361"]
[PlyCount "113"]
[EventDate "2018.11.25"]
[EventType "team-swiss"]
[EventRounds "9"]
[EventCountry "TUR"]
[SourceTitle "CBM 187 Extra"]
[Source "ChessBase"]
[SourceDate "2018.11.04"]
[SourceVersion "1"]
[SourceVersionDate "2018.11.04"]
[SourceQuality "1"]
[WhiteTeam "Canada"]
[BlackTeam "Turkey Selcuklu"]
[WhiteTeamCountry "CAN"]
[BlackTeamCountry "TUR"]

1. e4 e5 2. Nf3 Nc6 3. Bc4 Nf6 4. d3 h6 5. c3 d6 6. 0-0 Be7 7. Re1 Be6 8. Bxe6 fxe6 9. Nbd2 Qd7 10. b4 a6 11. Nc4 b5 12. Ncd2 0-0 13. Nf1 Nh5 14. Nxe5 Nxe5 15. d4 Nf3+ 16. gxf3 Nf4 17. Ng3 Bg5 18. Bxf4 Rxf4 19. Re3 Raf8 20. Rd3 Qf7 21. a4 Rxf3 22. Rxf3 Qxf3 23. Qxf3 Rxf3 24. axb5 axb5 25. Ne2 Bd2 26. Kg2 Rf8 27. Ra7 Rc8 28. Rb7 c6 29. Re7 c5 30. bxc5 dxc5 31. Rxe6 b4 32. cxb4 Bxb4 33. d5 c4 34. Nd4 c3 35. Nc2 Bf8 36. Kf3 Kf7 37. Ke2 Be7 38. f4 Rc5 39. f5 Bf6 40. Ke3 Rc7 41. e5 Bg5+ 42. Kd4 Bf4 43. h3 Re7 44. Rxe7+ Kxe7 45. d6+ Kd7 46. Kd5 Bg5 47. e6+ Kd8 48. Kc6 h5 49. Kd5 h4 50. Nb4 Bf6 51. Kc4 Kc8 52. Kd3 Kd8 53. Nc6+ Kc8 54. Ne7+ Kd8 55. Nd5 Be5 56. e7+ Kd7 57. Nc7 1-0

[Event "World ol U16"]
[Site "Konya"]
[Date "2018.11.30"]
[Round "7.21"]
[White "Oflaz, Avni"]
[Black "Tempany, Max"]
[Result "1/2-1/2"]
[WhiteElo "1361"]
[BlackElo "1508"]
[PlyCount "132"]
[EventDate "2018.11.25"]
[EventType "team-swiss"]
[EventRounds "9"]
[EventCountry "TUR"]
[SourceTitle "CBM 187 Extra"]
[Source "ChessBase"]
[SourceDate "2018.11.04"]
[SourceVersion "1"]
[SourceVersionDate "2018.11.04"]
[SourceQuality "1"]
[WhiteTeam "Turkey Selcuklu"]
[BlackTeam "Ireland"]
[WhiteTeamCountry "TUR"]
[BlackTeamCountry "IRL"]

1. e4 c5 2. Nf3 d6 3. d4 cxd4 4. Nxd4 Nf6 5. Nc3 a6 6. Be3 Ng4 7. Qd2 Nxe3 8. Qxe3 e6 9. Bc4 Be7 10. 0-0 0-0 11. Rad1 Qc7 12. Bb3 b5 13. a3 Nc6 14. Kh1 Ne5 15. f4 Nc4 16. Bxc4 Qxc4 17. e5 dxe5 18. fxe5 Bb7 19. Nf3 Qc7 20. Rd3 Bc5 21. Qe2 Rfd8 22. Rfd1 Rxd3 23. Rxd3 Rd8 24. Ne4 Be7 25. h3 Bd5 26. Rd4 Rc8 27. c3 Qc6 28. Qe3 a5 29. Nfd2 Qc7 30. Qg3 Rd8 31. Kh2 Kf8 32. Ng5 h6 33. Nge4 Qc6 34. Qf4 Qc7 35. Qg3 Bxe4 36. Rxd8+ Qxd8 37. Nxe4 Qb6 38. Qd3 b4 39. axb4 axb4 40. cxb4 Qxb4 41. b3 Qa5 42. Qd4 Qb5 43. Qc3 Qd5 44. Nd2 Bg5 45. Nf3 Be7 46. Qc8+ Qd8 47. Qxd8+ Bxd8 48. Kg3 Bb6 49. Kf4 Ke7 50. Ke4 h5 51. g4 hxg4 52. hxg4 f6 53. exf6+ gxf6 54. Nd4 Kd6 55. Nb5+ Kc6 56. Nd4+ Kd7 57. Nb5 Bc5 58. Nd4 Ke7 59. Nc6+ Kd7 60. Nd4 Bb4 61. Nb5 Ba5 62. Nd4 Bb4 63. Nb5 Be7 64. Nd4 e5 65. Nf5 Bf8 66. Kd5 Ba3 1/2-1/2

[Event "World ol U16"]
[Site "Konya"]
[Date "2018.11.28"]
[Round "5.22"]
[White "Mhango, Banele"]
[Black "Oflaz, Avni"]
[Result "1/2-1/2"]
[WhiteElo "1828"]
[BlackElo "1361"]
[PlyCount "136"]
[EventDate "2018.11.25"]
[EventType "team-swiss"]
[EventRounds "9"]
[EventCountry "TUR"]
[SourceTitle "CBM 187 Extra"]
[Source "ChessBase"]
[SourceDate "2018.11.04"]
[SourceVersion "1"]
[SourceVersionDate "2018.11.04"]
[SourceQuality "1"]
[WhiteTeam "South Africa"]
[BlackTeam "Turkey Selcuklu"]
[WhiteTeamCountry "RSA"]
[BlackTeamCountry "TUR"]

1. d4 d5 2. Nf3 Nf6 3. c4 c6 4. Qc2 Bg4 5. Nbd2 e6 6. e3 Bf5 7. Bd3 Bxd3 8. Qxd3 Nbd7 9. 0-0 Be7 10. e4 dxe4 11. Nxe4 Nxe4 12. Qxe4 Nf6 13. Qe2 0-0 14. Rd1 Qc7 15. Bg5 h6 16. Bh4 Rad8 17. Bg3 Bd6 18. Ne5 Nd7 19. Bh4 Rde8 20. Nxd7 Qxd7 21. Rd3 Be7 22. Bxe7 Qxe7 23. Re1 Qd7 24. Qh5 Kh7 25. Ree3 Qd6 26. Qa5 a6 27. Qc3 b5 28. Qc2 Kh8 29. Rh3 bxc4 30. Qxc4 Qd5 31. Qc1 Kh7 32. Qc2 Kh8 33. Qd2 Kh7 34. Rdg3 Rh8 35. Ra3 Rd8 36. Rhd3 Qc4 37. b3 Qb5 38. Ra5 Qb6 39. b4 Rd5 40. Rxd5 cxd5 41. Qc2 g6 42. Qc5 Qb7 43. Rc3 Kg7 44. a3 Rb8 45. h3 Qb6 46. h4 Qxc5 47. dxc5 Kf6 48. h5 g5 49. Rb3 Ke5 50. Kf1 f5 51. Ke2 d4 52. g3 Kd5 53. f4 gxf4 54. gxf4 Ke4 55. a4 Kxf4 56. c6 Ke5 57. b5 axb5 58. axb5 Kd6 59. Kd3 e5 60. Kc4 f4 61. Ra3 Rf8 62. Ra1 f3 63. Kd3 f2 64. Rf1 Kc7 65. Ke2 e4 66. Rxf2 d3+ 67. Ke3 Rxf2 68. Kxf2 Kb6 1/2-1/2

[Event "World ol U16"]
[Site "Konya"]
[Date "2018.11.25"]
[Round "1.23"]
[White "Oflaz, Avni"]
[Black "Kistrup, Nicolai"]
[Result "0-1"]
[WhiteElo "1361"]
[BlackElo "2092"]
[PlyCount "100"]
[EventDate "2018.11.25"]
[EventType "team-swiss"]
[EventRounds "9"]
[EventCountry "TUR"]
[SourceTitle "CBM 187 Extra"]
[Source "ChessBase"]
[SourceDate "2018.11.04"]
[SourceVersion "1"]
[SourceVersionDate "2018.11.04"]
[SourceQuality "1"]
[WhiteTeam "Turkey Selcuklu"]
[BlackTeam "Denmark"]
[WhiteTeamCountry "TUR"]
[BlackTeamCountry "DEN"]

1. e4 e5 2. Nf3 Nc6 3. Bc4 Bc5 4. d3 Nf6 5. Nc3 h6 6. Nd5 d6 7. h3 0-0 8. 0-0 Be6 9. Be3 Bxe3 10. fxe3 Bxd5 11. Bxd5 Nxd5 12. exd5 Ne7 13. c4 c6 14. dxc6 bxc6 15. Qc2 Ng6 16. d4 Qe7 17. Rf2 e4 18. Nd2 f5 19. Raf1 Qg5 20. Qc3 Rae8 21. b4 f4 22. exf4 Rxf4 23. Rxf4 Nxf4 24. Rxf4 Qxf4 25. d5 e3 26. Nf3 cxd5 27. cxd5 e2 28. Qe1 Qe3+ 29. Kh1 Rc8 30. Kh2 Rc1 31. Qg3 e1Q 32. Nxe1 Qxg3+ 33. Kxg3 Rxe1 34. a4 Re4 35. b5 Rxa4 36. Kf3 Rd4 37. g4 Rxd5 38. h4 Rxb5 39. g5 h5 40. Ke4 Kf7 41. Kf4 Ke6 42. g6 Re5 43. Kf3 Kd5 44. Kf4 Kd4 45. Kf3 Rf5+ 46. Kg3 Ke3 47. Kg2 Rf3 48. Kg1 Rg3+ 49. Kf1 Rg4 50. Ke1 Rg1# 0-1